| Tag |
First Indicator |
Second Indicator |
Subfields |
| LEADER |
00000cam a2200000 4500 |
| 001 |
in00003439321 |
| 005 |
20151206103052.0 |
| 008 |
721130|1966||||||| |||||||eng|u |
| 035 |
|
|
|a (OCoLC)ocm00504390
|
| 040 |
|
|
|c CSU
|d OCL
|d TNY
|d UtOrBLW
|
| 090 |
|
|
|a HF1025
|b .C5 1966
|
| 100 |
1 |
|
|a Chisholm, Geo. G.
|q (George Goudie),
|d 1850-1930.
|
| 245 |
1 |
0 |
|a Chisholm's handbook of commercial geography /
|c entirely rewritten by Sir Dudley Stamp.
|
| 250 |
|
|
|a 18th ed.
|
| 264 |
|
1 |
|a [London] :
|b Longmans,
|c [1966]
|
| 300 |
|
|
|a xiii,918p :
|b maps,tables. ;
|c 22cm.
|
| 336 |
|
|
|a text
|b txt
|2 rdacontent
|
| 337 |
|
|
|a unmediated
|b n
|2 rdamedia
|
| 338 |
|
|
|a volume
|b nc
|2 rdacarrier
|
| 650 |
|
0 |
|a Commercial geography.
|
| 650 |
|
0 |
|a Commercial products.
|
| 700 |
1 |
|
|a Stamp, L. Dudley
|q (Laurence Dudley),
|d 1898-1966.
|
| 740 |
0 |
|
|a Handbook of commercial geography.
|
| 999 |
|
|
|a MARS
|
| 999 |
f |
f |
|s 1148b925-063d-3f35-af8b-467d76e6a065
|i cd0be4a3-7a0b-3a33-9bdc-07c175d80782
|t 0
|
| 952 |
f |
f |
|p ric
|a Texas A&M University
|b Rellis Campus
|c Joint Library Facility
|d Remote Storage
|t 0
|e HF1025 .C5 1966
|h Library of Congress classification
|i unmediated -- volume
|m 32060001373865
|
| 998 |
f |
f |
|a HF1025 .C5 1966
|t 0
|l Remote Storage
|